[Event "Niedersachsen-ch op-A"]
[Site "Verden an der Aller"]
[Date "2020.01.02"]
[Round "1"]
[White "Richter, Stefan Vu"]
[Black "Scheffner, Jarno"]
[Result "0-1"]
[WhiteElo "1779"]
[BlackElo "1955"]
[PlyCount "78"]
[EventDate "2020.01.02"]
[EventType "swiss"]
[EventRounds "7"]
[EventCountry "GER"]
[SourceTitle "EXT 2023"]
[Source "ChessBase"]
[SourceDate "2022.10.05"]
[SourceVersion "1"]
[SourceVersionDate "2022.10.05"]
[SourceQuality "1"]

1. e4 c5 2. Nf3 d6 3. d4 cxd4 4. Nxd4 Nf6 5. Nc3 a6 6. a4 b6 7. Be3 e5 8. Nf3 Bb7 9. Nd5 Nxd5 10. exd5 Be7 11. c4 f5 12. Be2 0-0 13. 0-0 Nd7 14. Qc1 f4 15. Bd2 Nc5 16. Qc2 Bc8 17. Bd3 Nxd3 18. Qxd3 Bf5 19. Qb3 a5 20. Qa3 Qe8 21. Rfc1 Rf6 22. b4 Rh6 23. bxa5 bxa5 24. c5 Qh5 25. c6 g5 26. c7 g4 27. Ne1 Qxh2+ 28. Kf1 Bc8 29. Rab1 Ba6+ 30. Rb5 f3 31. gxf3 Bh4 32. Qe3 g3 33. Nd3 g2+ 34. Ke2 Rf6 35. Rb8+ Rf8 36. Rxa8 Rxa8 37. Qb6 Bxd3+ 38. Kxd3 Rc8 39. Qxd6 e4+ 0-1

[Event "Hannover Bezirks-ch A"]
[Site "Lehrte"]
[Date "2019.10.04"]
[Round "4.11"]
[White "Brockmeyer, Tobias"]
[Black "Richter, Stefan Vu"]
[Result "1-0"]
[WhiteElo "1917"]
[BlackElo "1829"]
[PlyCount "101"]
[EventDate "2019.10.03"]
[EventType "swiss"]
[EventRounds "7"]
[EventCountry "GER"]
[SourceTitle "EXT 2023"]
[Source "ChessBase"]
[SourceDate "2022.10.05"]
[SourceVersion "1"]
[SourceVersionDate "2022.10.05"]
[SourceQuality "1"]

1. d4 d5 2. c4 c6 3. Nc3 e6 4. e4 Bb4 5. e5 Ne7 6. Nf3 0-0 7. Bd3 Nf5 8. Qc2 dxc4 9. Bxf5 exf5 10. 0-0 Bxc3 11. bxc3 h6 12. Ba3 Re8 13. Rfe1 b5 14. Qe2 Be6 15. Bd6 Nd7 16. Rab1 Nb6 17. Qd2 Nd5 18. g3 a6 19. Kg2 Ra7 20. h4 Rb7 21. a3 Bc8 22. Rh1 Qa5 23. Bb4 Nxb4 24. axb4 Qd8 25. Ra1 Rbe7 26. Rhe1 Qd5 27. Qf4 Kh7 28. Kg1 g6 29. Re3 Bb7 30. h5 Kg7 31. g4 fxg4 32. Qxg4 Qe6 33. Qxe6 Rxe6 34. hxg6 fxg6 35. Nd2 Rf8 36. Ne4 Re7 37. Nd6 Ra8 38. Rg3 Kh7 39. f4 a5 40. bxa5 Bc8 41. Rg2 Be6 42. Kh2 Bd5 43. Rf2 Rea7 44. Rfa2 Rf8 45. Kg3 g5 46. f5 Rd7 47. a6 Rxd6 48. exd6 c5 49. dxc5 Kg7 50. a7 Ba8 51. c6 1-0

[Event "Oberliga Nord W 1819"]
[Site "Germany"]
[Date "2019.02.03"]
[Round "6.7"]
[White "Buerckner, Hartmut"]
[Black "Richter, Stefan Vu"]
[Result "1-0"]
[WhiteElo "2168"]
[BlackElo "1686"]
[PlyCount "83"]
[EventDate "2018.10.21"]
[EventType "team-tourn"]
[EventRounds "9"]
[EventCountry "GER"]
[SourceTitle "EXT 2020"]
[Source "ChessBase"]
[SourceDate "2019.10.17"]
[SourceVersion "1"]
[SourceVersionDate "2019.10.17"]
[SourceQuality "1"]
[WhiteTeam "Oldenburg Union"]
[BlackTeam "Hannover"]
[WhiteTeamCountry "GER"]
[BlackTeamCountry "GER"]

1. Nf3 Nf6 2. g3 d5 3. Bg2 e6 4. 0-0 Bd6 5. d3 0-0 6. Nbd2 c6 7. e4 Nbd7 8. Re1 Qc7 9. b3 Be5 10. d4 dxe4 11. Nxe5 Nxe5 12. dxe5 Qxe5 13. Rb1 Rd8 14. Qe2 Qa5 15. Nc4 Qa6 16. Bg5 b5 17. Ne5 Rd5 18. Bxf6 gxf6 19. Ng4 f5 20. Nf6+ Kg7 21. Nxd5 exd5 22. Qe3 f6 23. c4 bxc4 24. bxc4 Qxc4 25. Rec1 Qxa2 26. Ra1 Qb2 27. Rxa7+ Rxa7 28. Qxa7+ Qb7 29. Qxb7+ Bxb7 30. Bf1 Kf7 31. Bb5 Ke6 32. Bxc6 Ba6 33. Be8 Bc4 34. Bh5 Ke5 35. f4+ Kd4 36. Kf2 Bd3 37. Be2 e3+ 38. Ke1 Bxe2 39. Kxe2 Ke4 40. Rc8 d4 41. Re8+ Kd5 42. Kd3 1-0

[Event "Hannover Bezirk-ch B"]
[Site "Hannover"]
[Date "2018.10.06"]
[Round "6.1"]
[White "Zweigait, Bjoern"]
[Black "Richter, Stefan Vu"]
[Result "0-1"]
[WhiteElo "1692"]
[BlackElo "1759"]
[PlyCount "52"]
[EventDate "2018.10.04"]
[EventType "swiss"]
[EventRounds "7"]
[EventCountry "GER"]
[SourceTitle "EXT 2022"]
[Source "ChessBase"]
[SourceDate "2021.10.06"]
[SourceVersion "1"]
[SourceVersionDate "2021.10.06"]
[SourceQuality "1"]

1. c4 e5 2. Nc3 Nf6 3. g3 Bc5 4. Bg2 0-0 5. e3 c6 6. Nge2 d5 7. cxd5 cxd5 8. 0-0 d4 9. Ne4 Nxe4 10. Bxe4 d3 11. Nc3 Nc6 12. a3 Be6 13. f4 f5 14. Bxc6 bxc6 15. fxe5 Qc7 16. b4 Bb6 17. Qf3 Qxe5 18. Qxc6 Bxe3+ 19. dxe3 Rac8 20. Qg2 Rxc3 21. Bd2 Rc2 22. Rad1 Bd5 23. e4 Qd4+ 24. Rf2 fxe4 25. Qf1 Re8 26. Re1 Rxd2 0-1

[Event "Hannover-chB"]
[Site "Lehrte"]
[Date "2016.10.02"]
[Round "4"]
[White "Richter, Stefan Vu"]
[Black "Kleine, Matthias"]
[Result "1-0"]
[WhiteElo "1668"]
[BlackElo "1719"]
[PlyCount "79"]
[EventDate "2016.10.01"]
[EventType "swiss"]
[EventRounds "7"]
[EventCountry "GER"]
[SourceTitle "EXT 2020"]
[Source "ChessBase"]
[SourceDate "2019.10.17"]
[SourceVersion "1"]
[SourceVersionDate "2019.10.17"]
[SourceQuality "1"]

1. e4 c5 2. Nf3 Nc6 3. d4 cxd4 4. Nxd4 e6 5. Nc3 Nf6 6. Ndb5 d6 7. Bf4 e5 8. Bg5 Be7 9. Bxf6 gxf6 10. Nd5 Rb8 11. Nbc7+ Kf8 12. Qh5 h6 13. Bc4 Nd4 14. 0-0 b5 15. Bb3 Be6 16. c3 Nxb3 17. axb3 Rb7 18. Nxe7 Qxe7 19. Nd5 Bxd5 20. exd5 Ke8 21. Qf5 Rc7 22. Qd3 Qd7 23. Ra5 Rb7 24. Rfa1 Rg8 25. g3 f5 26. Qe3 f4 27. Qe4 f5 28. Qe2 e4 29. Qh5+ Kd8 30. Qh4+ Kc8 31. Qxf4 h5 32. Ra6 Rg6 33. Rc6+ Kb8 34. Raa6 Rb6 35. Raxb6+ axb6 36. Rxb6+ Ka7 37. Qe3 Ka8 38. Ra6+ Kb8 39. Qb6+ Qb7 40. Qd8+ 1-0

[Event "Hannover-chB"]
[Site "Lehrte"]
[Date "2016.10.01"]
[Round "2"]
[White "Bulmahn, Aaron Aime"]
[Black "Richter, Stefan Vu"]
[Result "1-0"]
[WhiteElo "1645"]
[BlackElo "1668"]
[PlyCount "57"]
[EventDate "2016.10.01"]
[EventType "swiss"]
[EventRounds "7"]
[EventCountry "GER"]
[SourceTitle "EXT 2020"]
[Source "ChessBase"]
[SourceDate "2019.10.17"]
[SourceVersion "1"]
[SourceVersionDate "2019.10.17"]
[SourceQuality "1"]

1. e4 e5 2. Nf3 Nc6 3. Bc4 Bc5 4. c3 Nf6 5. d3 d6 6. b4 Bb6 7. Qb3 0-0 8. a4 a6 9. h3 Qe7 10. Be3 d5 11. exd5 Bxe3 12. fxe3 e4 13. dxe4 Qxe4 14. dxc6 Qxe3+ 15. Kd1 Ne4 16. Re1 Rd8+ 17. Kc2 Qf2+ 18. Re2 Qf1 19. Kb2 Be6 20. Rxe4 Qxg2+ 21. Nbd2 Rxd2+ 22. Nxd2 Qxd2+ 23. Ka3 Bxc4 24. Rxc4 b5 25. Rc5 a5 26. Rxb5 Qd6 27. Rf1 axb4+ 28. cxb4 Qg6 29. Rbf5 1-0

[Event "Daehne Cup Region 15/16 IV"]
[Site "Isernhagen"]
[Date "2016.05.28"]
[Round "1"]
[White "Glaschak, Joachim"]
[Black "Richter, Stefan Vu"]
[Result "0-1"]
[WhiteElo "1247"]
[BlackElo "1672"]
[PlyCount "64"]
[EventDate "2016.05.28"]
[EventType "k.o."]
[EventCountry "GER"]
[SourceTitle "EXT 2022"]
[Source "ChessBase"]
[SourceDate "2021.10.06"]
[SourceVersion "1"]
[SourceVersionDate "2021.10.06"]
[SourceQuality "1"]

1. d4 d5 2. c4 e6 3. e3 Nf6 4. a3 c5 5. Nf3 Nc6 6. Nc3 cxd4 7. Nxd4 Bd6 8. b4 Nxd4 9. exd4 dxc4 10. Bxc4 0-0 11. 0-0 a6 12. Re1 Bxh2+ 13. Kxh2 Qc7+ 14. Kg1 Qxc4 15. Ne4 Nxe4 16. Rxe4 b5 17. Bb2 Bb7 18. Rc1 Qd5 19. f3 Rac8 20. Rc5 Rxc5 21. bxc5 Rd8 22. Rg4 f5 23. Rg5 h6 24. Rg3 f4 25. Rh3 Qxc5 26. Qd3 Qg5 27. Qc3 Rc8 28. Qe1 Bd5 29. Bc3 Qg6 30. g4 Qd3 31. Qd2 Rxc3 32. Qxd3 Rxd3 0-1

[Event "Daehne Cup Region 15/16 I"]
[Site "Gehrden"]
[Date "2015.09.25"]
[Round "1"]
[White "Richter, Stefan Vu"]
[Black "Wilke, Darius"]
[Result "1-0"]
[WhiteElo "1684"]
[BlackElo "887"]
[PlyCount "77"]
[EventDate "2015.09.25"]
[EventType "k.o."]
[EventCountry "GER"]
[SourceTitle "EXT 2022"]
[Source "ChessBase"]
[SourceDate "2021.10.06"]
[SourceVersion "1"]
[SourceVersionDate "2021.10.06"]
[SourceQuality "1"]

1. e4 e5 2. Bc4 Nf6 3. d3 Nc6 4. Nf3 Bc5 5. Nc3 d6 6. 0-0 Bg4 7. h3 Bh5 8. Bg5 Nd4 9. g4 Bg6 10. Nd5 c6 11. Nxf6+ gxf6 12. Bh4 d5 13. exd5 cxd5 14. Bb3 Qd6 15. Nxd4 Bxd4 16. Ba4+ Kf8 17. c3 Bb6 18. Qf3 Kg7 19. Bg3 Qe6 20. Qe2 e4 21. d4 f5 22. g5 h6 23. Be5+ Kh7 24. Bxh8 Kxh8 25. f4 hxg5 26. fxg5 Qe7 27. h4 f6 28. gxf6 Qxf6 29. Qh2 Rg8 30. Kh1 Bh5 31. Bd1 Qg6 32. Bxh5 Qxh5 33. Qe5+ Kh7 34. Qxf5+ Kh6 35. Qxh5+ Kxh5 36. Rf5+ Kxh4 37. Rg1 e3 38. Rxg8 e2 39. Re5 1-0